[Event "24th Chicago Open"]
[Site "Wheeling, IL"]
[Date "2015.05.24"]
[Round "6"]
[White "Ghatti, Sanjay"]
[Black "Castillo, Joshua"]
[Result "1-0"]
[WhiteElo "2255"]
[BlackElo "2433"]
[PlyCount "53"]
[EventDate "2015.05.??"]
[EventType "swiss"]
[EventRounds "9"]
[EventCountry "USA"]
[Source "MonRoi"]

1. e4 c5 2. Nf3 d6 3. d4 cxd4 4. Nxd4 Nf6 5. Nc3 g6 6. Be3 Bg7 7. f3 Nc6 8. Bc4
O-O 9. Qd2 Bd7 10. h4 Qc7 11. Bb3 Ne5 12. O-O-O Nc4 13. Bxc4 Qxc4 14. h5 Rac8
15. Bh6 b5 16. Bxg7 Kxg7 17. Kb1 e5 18. Nb3 b4 19. Qxd6 Rc6 20. Na5 Rxd6 21.
h6+ Kh8 22. Nxc4 Rxd1+ 23. Nxd1 Re8 24. Nde3 Ng8 25. Nd6 Rf8 26. Nd5 f5 27.
Nxb4 1-0

[Event "24th Chicago Open"]
[Site "Wheeling, IL"]
[Date "2015.05.24"]
[Round "6"]
[White "Li, Ruifeng"]
[Black "Wang, Qibiao"]
[Result "0-1"]
[WhiteElo "2426"]
[BlackElo "2260"]
[PlyCount "124"]
[EventDate "2015.05.??"]
[EventType "swiss"]
[EventRounds "9"]
[EventCountry "USA"]
[Source "MonRoi"]

1. e4 e5 2. Nf3 Nf6 3. Nxe5 d6 4. Nf3 Nxe4 5. d3 Nf6 6. d4 d5 7. Bd3 Be7 8. h3
Nc6 9. c3 Ne4 10. Nbd2 Bf5 11. Qe2 Nd6 12. O-O f6 13. Re1 Qd7 14. b4 Bxd3 15.
Qxd3 O-O 16. Nb3 Nc4 17. Bf4 Rae8 18. Re2 b6 19. Rae1 Bd6 20. Bxd6 Nxd6 21.
Nfd2 Rxe2 22. Rxe2 Re8 23. Kf1 Rxe2 24. Kxe2 Ne7 25. Kd1 Qa4 26. Qc2 Qb5 27.
Nc1 Ng6 28. Qd3 Qa4+ 29. Ndb3 Ne4 30. Ke1 Nf4 31. Qf3 g5 32. h4 Qc6 33. g3 Nh3
34. Nd2 Nhxf2 35. Nxe4 Nxe4 36. Ne2 Qe6 37. Kd1 Qd7 38. Kc1 a5 39. bxa5 bxa5
40. hxg5 fxg5 41. Qh5 Kg7 42. Qf3 Qf7 43. Qd3 Qf1+ 44. Kc2 Qf5 45. Kc1 Kg6 46.
Qa6+ Kh5 47. Qd3 Kg4 48. Kb2 Qf3 49. Qb5 c6 50. Qa6 Nd6 51. Kc1 Qf1+ 52. Kc2
Nc4 53. Qc8+ Qf5+ 54. Qxf5+ Kxf5 55. Nc1 Kg4 56. Nd3 Kxg3 57. Ne5 h5 58. Nxc6
h4 59. Ne7 h3 60. Nxd5 h2 61. Kd3 Nb2+ 62. Kc2 h1=Q 0-1

[Event "24th Chicago Open"]
[Site "Wheeling, IL"]
[Date "2015.05.24"]
[Round "6"]
[White "Homa, Seth"]
[Black "Arjun, Vishnuvardhan"]
[Result "1/2-1/2"]
[WhiteElo "2366"]
[BlackElo "2245"]
[PlyCount "126"]
[EventDate "2015.05.??"]
[EventType "swiss"]
[EventRounds "9"]
[EventCountry "USA"]
[Source "MonRoi"]

1. d4 f5 2. g3 Nf6 3. Bg2 e6 4. Nd2 d5 5. Nh3 Be7 6. Nf3 O-O 7. O-O Ne4 8. Nf4
c5 9. dxc5 Bxc5 10. Nd3 Bb6 11. Bf4 g5 12. Be5 Nc6 13. e3 Bd7 14. Rc1 Rc8 15.
c4 dxc4 16. Rxc4 Nxe5 17. Nfxe5 Rxc4 18. Nxc4 Bb5 19. Qb3 Qd5 20. Rc1 Rc8 21.
Nxb6 Rxc1+ 22. Nxc1 axb6 23. Qxd5 exd5 24. f3 Nf6 25. Nb3 g4 26. Nd4 Bd3 27.
Bf1 Bb1 28. Kf2 Kf7 29. a3 Ne8 30. Be2 h5 31. Bd1 Nd6 32. Bb3 Nc4 33. Ne2 Nxb2
34. Bxd5+ Kf6 35. Nc3 Bc2 36. Ke1 gxf3 37. Bxf3 Nc4 38. a4 Nb2 39. Nd5+ Kg5 40.
h4+ Kh6 41. Nxb6 Bxa4 42. Kd2 Bb5 43. Bxb7 Kg6 44. Bd5 Na4 45. Bc4 Bc6 46. Nd5
Bxd5 47. Bxd5 Nb6 48. Be6 Kf6 49. Bb3 Nd7 50. Bd1 Kg6 51. Kc3 Nf6 52. Kd4 Ne4
53. Ke5 Nxg3 54. Bc2 Nf1 55. Bxf5+ Kg7 56. e4 Ng3 57. Kf4 Nxe4 58. Kxe4 Kh8 59.
Ke5 Kg7 60. Ke6 Kh8 61. Kf6 Kg8 62. Be6+ Kh8 63. Kf7 Kh7 1/2-1/2

[Event "24th Chicago Open"]
[Site "Wheeling, IL"]
[Date "2015.05.24"]
[Round "6"]
[White "Kretchetov, Alexandre"]
[Black "Aripov, Iskandar"]
[Result "1-0"]
[WhiteElo "2338"]
[BlackElo "2219"]
[PlyCount "103"]
[EventDate "2015.05.??"]
[EventType "swiss"]
[EventRounds "9"]
[EventCountry "USA"]
[Source "MonRoi"]

1. d4 Nf6 2. Bg5 g6 3. Bxf6 exf6 4. e3 Bg7 5. g3 O-O 6. Bg2 c6 7. c4 d6 8. Nc3
Nd7 9. Nf3 Nb6 10. Nd2 c5 11. dxc5 dxc5 12. Qc2 Bf5 13. e4 Be6 14. b3 f5 15.
O-O Qf6 16. Ne2 Qxa1 17. Rxa1 Bxa1 18. Nc3 Rad8 19. Qc1 Bxc3 20. Qxc3 Rd7 21.
Nf1 fxe4 22. Qe5 Nc8 23. h4 Nd6 24. Ne3 b6 25. h5 gxh5 26. Bxe4 Nxe4 27. Qxe4
Rfd8 28. f4 Bg4 29. Nd5 f5 30. Qe5 Rf7 31. Kf2 h6 32. Qe6 Kf8 33. Qxh6+ Ke8 34.
Qe6+ Kf8 35. Qg6 Re8 36. Qh6+ Kg8 37. a4 Re2+ 38. Kf1 Rb2 39. Nf6+ Rxf6 40.
Qxf6 Rxb3 41. Qd8+ Kf7 42. Qd7+ Kg8 43. Qxa7 Rb1+ 44. Kf2 Rb2+ 45. Ke3 Re2+ 46.
Kd3 Re6 47. a5 bxa5 48. Qxa5 Be2+ 49. Kc3 Re4 50. Qxc5 h4 51. gxh4 Rxf4 52.
Qc8+ 1-0

[Event "24th Chicago Open"]
[Site "Wheeling, IL"]
[Date "2015.05.24"]
[Round "6"]
[White "Brown, Michael"]
[Black "Ramer, Scott"]
[Result "1-0"]
[WhiteElo "2337"]
[BlackElo "2218"]
[PlyCount "89"]
[EventDate "2015.05.??"]
[EventType "swiss"]
[EventRounds "9"]
[EventCountry "USA"]
[Source "MonRoi"]

1. d4 Nf6 2. c4 g6 3. Nc3 Bg7 4. e4 d6 5. Be2 O-O 6. Nf3 e5 7. Be3 Na6 8. d5
Ng4 9. Bg5 f6 10. Bh4 h5 11. Nd2 Nh6 12. f3 Qe8 13. Rb1 f5 14. b4 Bf6 15. Bf2
Qe7 16. c5 Bh4 17. g3 Bg5 18. cxd6 cxd6 19. Nc4 Bd7 20. Na5 Rac8 21. Qb3 Rxc3
22. Qxc3 fxe4 23. fxe4 Bh3 24. Be3 Bg2 25. Bxg5 Qxg5 26. h4 Qf6 27. Rg1 Qf2+
28. Kd2 Bf3 29. Qe3 Bxe2 30. Qxf2 Rxf2 31. Ke1 Ng4 32. Rb2 Nxb4 33. Rxe2 Rf7
34. Kd2 Nxa2 35. Ra1 Nb4 36. Rb1 b6 37. Rxb4 bxa5 38. Rb8+ Kg7 39. Rb5 Rf3 40.
Rxa5 Rxg3 41. Rxa7+ Kh6 42. Ra6 Rh3 43. Rxd6 Rxh4 44. Re6 Kg7 45. d6 1-0

[Event "24th Chicago Open"]
[Site "Wheeling, IL"]
[Date "2015.05.24"]
[Round "6"]
[White "Ulrich, Rachel"]
[Black "Yuan, Yuan"]
[Result "1-0"]
[WhiteElo "2091"]
[BlackElo "2270"]
[PlyCount "98"]
[EventDate "2015.05.??"]
[EventType "swiss"]
[EventRounds "9"]
[EventCountry "USA"]
[Source "MonRoi"]

1. e4 c5 2. Nf3 d6 3. d4 cxd4 4. Nxd4 Nf6 5. Nc3 g6 6. Be3 Bg7 7. f3 a6 8. Qd2
Nbd7 9. g4 b5 10. h4 h5 11. g5 Nh7 12. O-O-O Bb7 13. Kb1 Rc8 14. Bh3 O-O 15. f4
Nc5 16. Bxc8 Qxc8 17. Nb3 Na4 18. Bd4 e5 19. fxe5 dxe5 20. Be3 Nxc3+ 21. Qxc3
Qxc3 22. bxc3 Bxe4 23. Rhe1 Rc8 24. Nc5 Bf5 25. Kb2 a5 26. Nb7 Nf8 27. Nxa5 Ne6
28. Nb3 Bf8 29. Rd5 b4 30. Bd2 bxc3+ 31. Bxc3 e4 32. a4 Nf4 33. Rd2 Re8 34.
Red1 e3 35. Rd8 Re4 36. a5 Ne6 37. Re8 e2 38. Re1 f6 39. gxf6 Kf7 40. Rb8 Nc7
41. Rb7 Bd6 42. Nd4 Bc8 43. Rb6 Bh2 44. Rxe2 Rxe2 45. Nxe2 Nd5 46. Rb5 Nxc3 47.
Nxc3 Kxf6 48. a6 Bg1 49. Ra5 Bb6 1-0

[Event "24th Chicago Open"]
[Site "Wheeling, IL"]
[Date "2015.05.24"]
[Round "6"]
[White "Colas, Joshua"]
[Black "Sciupokas, Arunas"]
[Result "1-0"]
[WhiteElo "2292"]
[BlackElo "1963"]
[PlyCount "21"]
[EventDate "2015.05.??"]
[EventType "swiss"]
[EventRounds "9"]
[EventCountry "USA"]
[Source "MonRoi"]

1. d4 Nf6 2. c4 e6 3. Nc3 d5 4. cxd5 exd5 5. Bg5 Be7 6. e3 c6 7. Bd3 Bg4 8.
Nge2 Nbd7 9. O-O Ne4 10. Bxe7 Nxc3 11. Nxc3 1-0

[Event "24th Chicago Open"]
[Site "Wheeling, IL"]
[Date "2015.05.24"]
[Round "6"]
[White "Griffith, Kyron"]
[Black "Niemann, Hans"]
[Result "1-0"]
[WhiteElo "2303"]
[BlackElo "2181"]
[PlyCount "55"]
[EventDate "2015.05.??"]
[EventType "swiss"]
[EventRounds "9"]
[EventCountry "USA"]
[Source "MonRoi"]

1. e4 d5 2. exd5 Qxd5 3. Nc3 Qd6 4. d4 c6 5. Nf3 Bg4 6. h3 Bxf3 7. Qxf3 Qxd4 8.
Be3 Qd8 9. Rd1 Nd7 10. Bc4 Ngf6 11. O-O e6 12. Ne4 Be7 13. Ng5 h6 14. Bxe6 hxg5
15. Rxd7 Qa5 16. Rxb7 fxe6 17. Qxc6+ Kf7 18. Bc5 Rac8 19. Rxe7+ Kg6 20. Qxe6
Qxc5 21. Qf7+ Kf5 22. Rfe1 g4 23. R7e5+ Qxe5 24. hxg4+ Kf4 25. g3+ Kf3 26. Rxe5
Rhe8 27. Qb7+ Kxg4 28. Qb4+ 1-0

[Event "24th Chicago Open"]
[Site "Wheeling, IL"]
[Date "2015.05.24"]
[Round "7.1"]
[White "Georgiev, Vladimir"]
[Black "Batista, Lazaro"]
[Result "1/2-1/2"]
[WhiteElo "2550"]
[BlackElo "2684"]
[PlyCount "133"]
[EventDate "2015.05.??"]
[EventType "swiss"]
[EventRounds "9"]
[EventCountry "USA"]
[Source "MonRoi"]
[WhiteClock "0:07:27"]
[BlackClock "0:00:51"]

1. d4 Nf6 2. c4 e6 3. Nc3 Bb4 4. e3 O-O 5. Bd3 d5 6. Nf3 c5 7. O-O dxc4 8. Bxc4
Nc6 9. a3 Ba5 10. Qd3 a6 11. dxc5 Qxd3 12. Bxd3 Bxc3 13. bxc3 Na5 14. Bc2 Bd7
15. a4 Rfc8 16. Ba3 Nc4 17. Rfb1 Nxa3 18. Rxa3 Rab8 19. Bd3 a5 20. Nd4 Rxc5 21.
c4 Rc7 22. h3 Kf8 23. Rab3 Ke7 24. Nb5 Rc5 25. Na7 Rc7 26. Nb5 Rc5 27. Na7 Ne8
28. Rxb7 Rxb7 29. Rxb7 Nd6 30. Rb6 Nxc4 31. Ra6 Bxa4 32. Bxc4 Rxc4 33. Rxa5 Bd7
34. g4 f6 35. Kh2 e5 36. Kg3 g5 37. f3 h6 38. e4 Ra4 39. Nc8+ Ke6 40. Rxa4 Bxa4
41. Kf2 Bb3 42. Ke3 Kd7 43. Nb6+ Kc6 44. Nc8 Kd7 45. Nb6+ Kc7 46. Nd5+ Bxd5 47.
exd5 Kd6 48. Ke4 Kc5 49. Ke3 Kxd5 50. Kd3 Ke6 51. Ke4 Kd6 52. Ke3 Kc5 53. Kd3
Kb4 54. Kd2 Kc4 55. Kc2 Kd4 56. Kd2 Kd5 57. Kd3 Kd6 58. Ke3 Ke7 59. Kd3 Kf7 60.
Ke3 h5 61. Kd3 f5 62. gxf5 Kf6 63. Ke4 h4 64. Kd3 Kxf5 65. Ke3 Ke6 66. Ke4 Kf6
67. Kd3 1/2-1/2

[Event "24th Chicago Open"]
[Site "Wheeling, IL"]
[Date "2015.05.24"]
[Round "7.3"]
[White "Holt, Conrad"]
[Black "Naroditsky, Daniel"]
[Result "1/2-1/2"]
[WhiteElo "2533"]
[BlackElo "2622"]
[PlyCount "81"]
[EventDate "2015.05.??"]
[EventType "swiss"]
[EventRounds "9"]
[EventCountry "USA"]
[Source "MonRoi"]
[WhiteClock "0:03:25"]
[BlackClock "0:12:06"]

1. d4 Nf6 2. c4 e6 3. Nf3 d5 4. Nc3 Bb4 5. Bg5 h6 6. Qa4+ Nc6 7. Bxf6 Qxf6 8.
e3 O-O 9. Be2 Bd7 10. Qb3 dxc4 11. Qxc4 Bd6 12. a3 Qg6 13. O-O e5 14. d5 Ne7
15. Nh4 Qh7 16. Ne4 b5 17. Qc2 Nxd5 18. Rad1 Nb6 19. Bd3 Qh8 20. Qb3 Be6 21.
Qxb5 Rfd8 22. Nc5 a6 23. Qa5 Bg4 24. f3 Bc8 25. Be4 Rb8 26. Nxa6 Bxa6 27. Qxa6
g6 28. g3 Qf6 29. Ng2 Qe6 30. Rc1 Qb3 31. Rf2 Na4 32. Bd5 Qxd5 33. Qxa4 Rb3 34.
Qc4 Qxc4 35. Rxc4 Rdb8 36. Rcc2 e4 37. fxe4 Be5 38. Rc5 Bd6 39. Rcc2 Be5 40.
Rc5 Bd6 41. Rcc2 1/2-1/2

[Event "24th Chicago Open"]
[Site "Wheeling, IL"]
[Date "2015.05.24"]
[Round "7.4"]
[White "Suarez, Isan"]
[Black "Xiong, Jeffery"]
[Result "1/2-1/2"]
[WhiteElo "2581"]
[BlackElo "2497"]
[PlyCount "104"]
[EventDate "2015.05.??"]
[EventType "swiss"]
[EventRounds "9"]
[EventCountry "USA"]
[Source "MonRoi"]
[WhiteClock "0:16:08"]
[BlackClock "0:22:24"]

1. e4 d5 2. exd5 Qxd5 3. Nc3 Qd6 4. d4 Nf6 5. Nf3 g6 6. g3 Bg7 7. Bg2 Bg4 8.
O-O c6 9. Bf4 Qd8 10. h3 Be6 11. Re1 Bd5 12. Qe2 e6 13. Nxd5 Nxd5 14. Bg5 Nf6
15. Ne5 O-O 16. Ng4 Nbd7 17. c4 Qa5 18. Bd2 Qb6 19. Be3 Qa5 20. b4 Qc7 21. Rab1
Nxg4 22. hxg4 Nb6 23. Bf4 Qd7 24. Red1 Rac8 25. Rd2 Rfd8 26. Bg5 Re8 27. Rc1
Qc7 28. Qd1 h6 29. Be3 Qe7 30. Qb3 Red8 31. Rcd1 Bf8 32. a3 Rd7 33. Bf3 Rcd8
34. Kg2 Rc8 35. Be4 Rcd8 36. f4 Nc8 37. Bf3 Nb6 38. Kh2 Kh7 39. f5 exf5 40. Bf2
Qg5 41. gxf5 Qxf5 42. Kg2 Bg7 43. a4 Qe6 44. d5 cxd5 45. cxd5 Qf5 46. a5 Nc8
47. g4 Qg5 48. Be3 Qf6 49. Bd4 Qg5 50. Be3 Qf6 51. Bd4 Qf4 52. Be3 Qf6 1/2-1/2

[Event "24th Chicago Open"]
[Site "Wheeling, IL"]
[Date "2015.05.24"]
[Round "7"]
[White "Nyzhnyk, Illia"]
[Black "Rosen, Eric"]
[Result "1/2-1/2"]
[WhiteElo "2622"]
[BlackElo "2372"]
[PlyCount "116"]
[EventDate "2015.05.??"]
[EventType "swiss"]
[EventRounds "9"]
[EventCountry "USA"]
[Source "MonRoi"]

1. d4 d5 2. c4 e6 3. Nc3 Nf6 4. Bg5 Be7 5. Nf3 O-O 6. Rc1 a6 7. e3 Nbd7 8. a3
dxc4 9. Bxc4 b5 10. Ba2 c5 11. O-O cxd4 12. Qxd4 Bb7 13. Rfd1 Qb6 14. Qh4 Rfd8
15. e4 Nf8 16. e5 Ng6 17. Qh3 Ne4 18. Be3 Rxd1+ 19. Rxd1 Qc7 20. Nxe4 Bxe4 21.
Ng5 Bxg5 22. Bxg5 Qxe5 23. Qe3 h6 24. Bd8 Bd5 25. Qxe5 Nxe5 26. Bc7 Nf3+ 27.
gxf3 Bxa2 28. Rd8+ Rxd8 29. Bxd8 Kh7 30. h4 Kg6 31. Kg2 Kf5 32. Kg3 e5 33. Be7
g5 34. hxg5 hxg5 35. Bd8 f6 36. Be7 Bd5 37. Bd8 Bf7 38. Be7 a5 39. Bd8 a4 40.
Be7 Bh5 41. Bd8 Ke6 42. Kg2 Be8 43. Kg3 Bc6 44. Kg4 Bd5 45. Kg3 Bc4 46. Kg2 Kf5
47. Kg3 Kg6 48. Bc7 Bd5 49. Bd6 Bc6 50. Bc7 Kf5 51. Bd8 Ke6 52. Kg4 f5+ 53.
Kxg5 Bxf3 54. Bc7 Bg4 55. Bb8 Bh3 56. Bc7 Kd5 57. Bb8 Ke4 58. Kf6 Kf3 1/2-1/2

[Event "24th Chicago Open"]
[Site "Wheeling, IL"]
[Date "2015.05.24"]
[Round "7"]
[White "Esserman, Marc"]
[Black "Avrukh, Boris"]
[Result "0-1"]
[WhiteElo "2417"]
[BlackElo "2609"]
[PlyCount "71"]
[EventDate "2015.05.??"]
[EventType "swiss"]
[EventRounds "9"]
[EventCountry "USA"]
[Source "MonRoi"]

1. e4 e5 2. Nf3 Nc6 3. Bc4 Bc5 4. b4 Bxb4 5. c3 Be7 6. d4 Na5 7. Bd3 d6 8. dxe5
dxe5 9. Nxe5 Nf6 10. O-O O-O 11. Qc2 Nd7 12. Nxd7 Qxd7 13. Bf4 Rd8 14. Be2 b6
15. Rd1 Qc6 16. Rxd8+ Bxd8 17. Bf3 Be6 18. Nd2 Be7 19. e5 Bd5 20. Rd1 Rd8 21.
Ne4 h6 22. Rxd5 Rxd5 23. Ng3 Qe6 24. Bxd5 Qxd5 25. h3 Nc6 26. Nf5 Bf8 27. Qe2
a5 28. c4 Qe6 29. Qe4 a4 30. g4 a3 31. Ne3 Nb4 32. Nd5 Nxa2 33. Qb1 Nb4 34.
Nxb4 Qxc4 35. Bd2 b5 36. Qd3 0-1

[Event "24th Chicago Open"]
[Site "Wheeling, IL"]
[Date "2015.05.24"]
[Round "7"]
[White "Dobrov, Vladimir"]
[Black "Macieja, Bartlomiej"]
[Result "1-0"]
[WhiteElo "2490"]
[BlackElo "2605"]
[PlyCount "69"]
[EventDate "2015.05.??"]
[EventType "swiss"]
[EventRounds "9"]
[EventCountry "USA"]
[Source "MonRoi"]

1. d4 Nf6 2. c4 e6 3. Nf3 b6 4. g3 c6 5. Bg2 d5 6. O-O Be7 7. a4 Nbd7 8. a5 Ba6
9. Nbd2 dxc4 10. Qc2 c3 11. bxc3 Bxe2 12. Re1 Bxf3 13. Nxf3 O-O 14. Ne5 Nxe5
15. dxe5 Nd5 16. Be4 g6 17. h4 Qc7 18. Bd2 Bc5 19. Kg2 Rad8 20. axb6 axb6 21.
h5 f5 22. Bf3 Ra8 23. hxg6 hxg6 24. Rxa8 Rxa8 25. c4 Ne7 26. Bg5 Kf7 27. Rh1
Qxe5 28. Qd2 Kg8 29. Re1 Qc7 30. Rxe6 Kh7 31. Qe2 Ra7 32. Bh5 Kg7 33. Qb2+ Kg8
34. Bxe7 Bxe7 35. Rxg6+ 1-0

[Event "24th Chicago Open"]
[Site "Wheeling, IL"]
[Date "2015.05.24"]
[Round "7"]
[White "Harmon-Vellotti, Luke"]
[Black "Troff, Kayden"]
[Result "1/2-1/2"]
[WhiteElo "2412"]
[BlackElo "2556"]
[PlyCount "142"]
[EventDate "2015.05.??"]
[EventType "swiss"]
[EventRounds "9"]
[EventCountry "USA"]
[Source "MonRoi"]

1. d4 Nf6 2. c4 g6 3. Nc3 d5 4. Nf3 Bg7 5. Bg5 Ne4 6. Bh4 Nxc3 7. bxc3 dxc4 8.
Qa4+ c6 9. Qxc4 Qa5 10. e3 Na6 11. Qb3 Be6 12. Qc2 Nc5 13. Nd2 Bf5 14. Nb3 Qa3
15. Qd1 Ne4 16. Qc1 Qxc1+ 17. Rxc1 a5 18. f3 Bf6 19. Bxf6 Nxf6 20. e4 Bc8 21.
c4 Nd7 22. c5 a4 23. Nd2 e5 24. dxe5 Ra5 25. Kf2 Rxc5 26. Rxc5 Nxc5 27. Ke3 Ke7
28. Bc4 Be6 29. Rc1 Nd7 30. f4 Rb8 31. a3 Bxc4 32. Rxc4 Ra8 33. Rc1 Ra5 34. Rb1
b5 35. h4 Ra8 36. Nf3 Nb6 37. Nd2 Rb8 38. Kd4 Nd7 39. f5 Rd8 40. Nf3 f6 41. e6
Ne5+ 42. Kc5 Nxf3 43. gxf3 gxf5 44. exf5 Rd5+ 45. Kxc6 Rxf5 46. Rxb5 Rxf3 47.
Rb4 Rxa3 48. Kd5 Rd3+ 49. Ke4 Rb3 50. Rxa4 Kxe6 51. Ra6+ Kf7 52. Ra7+ Kg6 53.
h5+ Kh6 54. Rf7 Rb6 55. Kf4 Rb4+ 56. Kf3 Rb6 57. Kf4 Ra6 58. Kf3 Kxh5 59. Rxh7+
Kg5 60. Rb7 Ra3+ 61. Kf2 f5 62. Rb4 Ra8 63. Rb3 Ra2+ 64. Kf1 Kg4 65. Rc3 f4 66.
Rb3 Ra1+ 67. Kf2 Rh1 68. Ra3 Rh2+ 69. Kf1 f3 70. Ra8 Rh5 71. Rg8+ Rg5 1/2-1/2

[Event "24th Chicago Open"]
[Site "Wheeling, IL"]
[Date "2015.05.24"]
[Round "7"]
[White "Carmenate, Holden"]
[Black "Ghatti, Sanjay"]
[Result "1-0"]
[WhiteElo "2544"]
[BlackElo "2255"]
[PlyCount "89"]
[EventDate "2015.05.??"]
[EventType "swiss"]
[EventRounds "9"]
[EventCountry "USA"]
[Source "MonRoi"]

1. d4 d5 2. c4 e6 3. Nc3 Nf6 4. cxd5 exd5 5. Bg5 c6 6. e3 Be7 7. Bd3 O-O 8. Qc2
Nbd7 9. Nge2 Re8 10. O-O Nf8 11. Bxf6 Bxf6 12. b4 a6 13. a4 Be6 14. b5 axb5 15.
axb5 Qc7 16. bxc6 bxc6 17. Rac1 Rec8 18. Na4 g6 19. Nc5 Qe7 20. Nc3 Nd7 21.
N3a4 Nxc5 22. Nxc5 Bg7 23. Rb1 Rcb8 24. g3 Bf8 25. Rfc1 Rxb1 26. Qxb1 Qf6 27.
Na6 Bh3 28. Qb7 Re8 29. Bf1 Bxf1 30. Rxf1 h5 31. Nb8 Qf3 32. Nxc6 h4 33. Qd7
hxg3 34. hxg3 Qe4 35. Ne5 Re7 36. Qd8 Kg7 37. Nd7 Re8 38. Qf6+ Kg8 39. Ne5 Re7
40. Rc1 Rb7 41. Kh2 Bg7 42. Qd8+ Kh7 43. Qc8 Rb2 44. Qh3+ Bh6 45. Ng4 1-0

[Event "24th Chicago Open"]
[Site "Wheeling, IL"]
[Date "2015.05.24"]
[Round "7"]
[White "Jayaram, Ashwin"]
[Black "Chirila, Ioan"]
[Result "1/2-1/2"]
[WhiteElo "2466"]
[BlackElo "2542"]
[PlyCount "47"]
[EventDate "2015.05.??"]
[EventType "swiss"]
[EventRounds "9"]
[EventCountry "USA"]
[Source "MonRoi"]

1. d4 Nf6 2. c4 g6 3. Nc3 d5 4. Bg5 Ne4 5. Bh4 Nxc3 6. bxc3 dxc4 7. e3 Be6 8.
Nf3 Bg7 9. Be2 Nd7 10. O-O O-O 11. Qc2 Nb6 12. Rfb1 h6 13. a4 a5 14. Nd2 Qd7
15. Rb5 Bd5 16. Qb1 e5 17. Bg3 Rfe8 18. Bf3 exd4 19. cxd4 Bc6 20. Bxc6 bxc6 21.
Rc5 Bxd4 22. exd4 Qxd4 23. Rxc6 Qxd2 24. Rxg6+ 1/2-1/2

[Event "24th Chicago Open"]
[Site "Wheeling, IL"]
[Date "2015.05.24"]
[Round "7"]
[White "Kiewra, Keaton"]
[Black "Perelshteyn, Eugene"]
[Result "1/2-1/2"]
[WhiteElo "2394"]
[BlackElo "2517"]
[PlyCount "39"]
[EventDate "2015.05.??"]
[EventType "swiss"]
[EventRounds "9"]
[EventCountry "USA"]
[Source "MonRoi"]

1. d4 d5 2. c4 c6 3. Nf3 Nf6 4. Nc3 a6 5. cxd5 cxd5 6. Bf4 g6 7. e3 Bg7 8. Be2
O-O 9. O-O Nc6 10. h3 b5 11. Ne5 Bb7 12. a4 b4 13. Na2 a5 14. Nc1 Ne4 15. Nxc6
Bxc6 16. Nd3 Qb6 17. Rc1 Rfc8 18. f3 Nf6 19. b3 Nd7 20. Qd2 1/2-1/2

[Event "24th Chicago Open"]
[Site "Wheeling, IL"]
[Date "2015.05.24"]
[Round "7"]
[White "Gorovets, Andrey"]
[Black "Vibbert, Sean"]
[Result "1-0"]
[WhiteElo "2513"]
[BlackElo "2312"]
[PlyCount "59"]
[EventDate "2015.05.??"]
[EventType "swiss"]
[EventRounds "9"]
[EventCountry "USA"]
[Source "MonRoi"]

1. d4 d5 2. Bf4 Nf6 3. e3 Bf5 4. c4 c6 5. Nc3 e6 6. Qb3 b6 7. Nf3 Be7 8. cxd5
exd5 9. Be2 O-O 10. Ne5 Be6 11. O-O Nfd7 12. Nxd7 Nxd7 13. Ba6 g5 14. Bg3 h5
15. f4 h4 16. Be1 Nf6 17. Bb7 Rb8 18. Bxc6 a6 19. fxg5 Ng4 20. Bxd5 Qd6 21. Rf4
Nxe3 22. Rxh4 Nxd5 23. Qc2 f5 24. gxf6 Rxf6 25. Qh7+ Kf8 26. Bg3 Qd8 27. Qh8+
Bg8 28. Rg4 Kf7 29. Nxd5 Qxd5 30. Qg7+ 1-0

[Event "24th Chicago Open"]
[Site "Wheeling, IL"]
[Date "2015.05.24"]
[Round "7"]
[White "Wang, Qibiao"]
[Black "Molner, Mackenzie"]
[Result "1/2-1/2"]
[WhiteElo "2260"]
[BlackElo "2507"]
[PlyCount "52"]
[EventDate "2015.05.??"]
[EventType "swiss"]
[EventRounds "9"]
[EventCountry "USA"]
[Source "MonRoi"]

1. d4 Nf6 2. c4 g6 3. Nc3 d5 4. Nf3 Bg7 5. Bg5 Ne4 6. Bf4 Nxc3 7. bxc3 c5 8. e3
O-O 9. cxd5 cxd4 10. cxd4 Qxd5 11. Be2 Qa5+ 12. Qd2 Nc6 13. Qxa5 Nxa5 14. Be5
Be6 15. Bc7 b6 16. O-O Bc4 17. Bxc4 Nxc4 18. Rfc1 b5 19. Kf1 Rfc8 20. Bf4 Rc6
21. Ke2 Rac8 22. Rab1 Na3 23. Rxc6 Rxc6 24. Rb2 a5 25. Nd2 f5 26. Kd1 a4
1/2-1/2

[Event "24th Chicago Open"]
[Site "Wheeling, IL"]
[Date "2015.05.24"]
[Round "7"]
[White "Kretchetov, Alexandre"]
[Black "Stukopin, Andrey"]
[Result "0-1"]
[WhiteElo "2338"]
[BlackElo "2573"]
[PlyCount "86"]
[EventDate "2015.05.??"]
[EventType "swiss"]
[EventRounds "9"]
[EventCountry "USA"]
[Source "MonRoi"]

1. d4 d5 2. c4 e5 3. dxe5 d4 4. a3 Nc6 5. e3 Nge7 6. Nf3 Bg4 7. Be2 dxe3 8.
Bxe3 Qxd1+ 9. Bxd1 Ng6 10. Nc3 Ngxe5 11. Nxe5 Nxe5 12. Bxg4 Nxg4 13. Bd4 c5 14.
Be3 O-O-O 15. Ke2 Nxe3 16. fxe3 g6 17. Rad1 Bg7 18. Nb5 Kb8 19. Nd6 Rd7 20. b3
f5 21. Rd5 Re7 22. Rhd1 b6 23. Kf3 Rd8 24. h3 Rdd7 25. g4 fxg4+ 26. hxg4 Re5
27. a4 a6 28. Kf4 Rde7 29. e4 Bf6 30. Kf3 Kc7 31. a5 bxa5 32. R1d3 Rxd5 33.
Rxd5 Be5 34. Rxc5+ Kxd6 35. Rxa5 Ra7 36. b4 Bc3 37. Ra4 a5 38. c5+ Kc6 39. bxa5
Rxa5 40. Rxa5 Bxa5 41. Kf4 Kxc5 42. Kg5 Kd4 43. Kh6 Kxe4 0-1

[Event "24th Chicago Open"]
[Site "Wheeling, IL"]
[Date "2015.05.24"]
[Round "7"]
[White "Friedel, Joshua"]
[Black "Young, Angelo"]
[Result "1-0"]
[WhiteElo "2505"]
[BlackElo "2325"]
[PlyCount "133"]
[EventDate "2015.05.??"]
[EventType "swiss"]
[EventRounds "9"]
[EventCountry "USA"]
[Source "MonRoi"]

1. d4 Nf6 2. c4 g6 3. g3 c6 4. Nf3 Bg7 5. Bg2 O-O 6. O-O d5 7. Qb3 dxc4 8. Qxc4
Qd5 9. Qb4 Re8 10. Nc3 Qd8 11. e4 Na6 12. Qb3 Qb6 13. Qc2 Nb4 14. Qe2 Qa6 15.
Qxa6 Nxa6 16. Bf4 Nb4 17. Ne1 Nd7 18. a3 Na6 19. Nf3 Nb6 20. b4 Nb8 21. Rac1
Be6 22. Rfe1 N8d7 23. h3 Bc4 24. Na4 Nxa4 25. Rxc4 Ndb6 26. Rc2 Rad8 27. Be3 a6
28. g4 Nc8 29. Ne5 Nd6 30. Nxc6 bxc6 31. Rxc6 e5 32. dxe5 Nb5 33. Rxa6 Ra8 34.
Bf1 Rxa6 35. Bxb5 Raa8 36. Bxe8 Rxe8 37. f4 g5 38. fxg5 Bxe5 39. Rd1 Bb2 40.
Kf2 Nc3 41. Rd3 Nxe4+ 42. Kf3 Nc3 43. h4 Rc8 44. Bc5 Na4 45. Be7 Kg7 46. Kf4 f6
47. Bxf6+ Bxf6 48. Rd7+ Be7 49. Rxe7+ Kg8 50. h5 Nb6 51. Ra7 Re8 52. b5 Nd5+
53. Kf3 Re3+ 54. Kf2 Rb3 55. a4 Nc3 56. h6 Ne4+ 57. Ke2 Rb4 58. Rg7+ Kf8 59.
Rxh7 Rb2+ 60. Ke3 Nxg5 61. Ra7 Rb3+ 62. Ke2 Rb4 63. h7 Nxh7 64. Rxh7 Rxa4 65.
b6 Rxg4 66. b7 Kg8 67. Rc7 1-0

[Event "24th Chicago Open"]
[Site "Wheeling, IL"]
[Date "2015.05.24"]
[Round "7"]
[White "Panchevski, Filip"]
[Black "Brown, Michael"]
[Result "1-0"]
[WhiteElo "2494"]
[BlackElo "2337"]
[PlyCount "113"]
[EventDate "2015.05.??"]
[EventType "swiss"]
[EventRounds "9"]
[EventCountry "USA"]
[Source "MonRoi"]

1. e4 e5 2. Nf3 Nc6 3. Nc3 Nf6 4. Bb5 Bd6 5. d3 h6 6. a3 O-O 7. g4 Nd4 8. Bc4
c6 9. Ba2 Re8 10. g5 hxg5 11. Nxg5 Rf8 12. Ne2 Bc5 13. Nxd4 Bxd4 14. c3 Bb6 15.
Qf3 d5 16. Rg1 Qd6 17. Bd2 Be6 18. Qg3 g6 19. Qh4 Rfe8 20. O-O-O Kg7 21. Nxe6+
Rxe6 22. Bh6+ Kg8 23. Kb1 Bd8 24. Qh3 Be7 25. Rdf1 Bf8 26. f4 Bxh6 27. Qxh6
exf4 28. Rxf4 Qf8 29. Qh3 Qg7 30. Rgf1 Rae8 31. Bb3 R8e7 32. R4f2 Qh7 33. Qxh7+
Nxh7 34. exd5 Re1+ 35. Rxe1 Rxe1+ 36. Kc2 cxd5 37. Bxd5 Re7 38. d4 Kg7 39. Kd3
f5 40. c4 Nf6 41. Bf3 g5 42. h3 Kg6 43. c5 Rh7 44. Bg2 f4 45. Kc4 Re7 46. d5
Kf5 47. d6 Rh7 48. Re2 a6 49. Kd4 Rh4 50. Re5+ Kg6 51. Bxb7 f3+ 52. Ke3 Rxh3
53. Bc8 g4 54. Bf5+ Kg7 55. d7 Rh8 56. c6 Rf8 57. Kf2 1-0